000 00578nam a2200193Ia 4500
008 090123s9999 xx 000 0 und d
082 _b43351
100 _aकाळे व.पु
245 _aनवरा म्हणावा आपला
250 _a1
260 _c2008
300 _a90
600 _aकाळे व.पु
630 _aनवरा म्हणावा आपला
700 _aकाळे व.पु
700 _aगडकरी मृणालिनी
730 _aनवरा म्हणावा आपला
942 _cBOOK
999 _c81458
_d81458